Name Eevee and its evolutions - Statistics

General Stats
  • This quiz has been taken 51 times
  • The average score is 8 of 9
Answer Stats
Hint Answer % Correct
Normal Eevee
93%
Electric Jolteon
93%
Water Vaporeon
93%
Fire Flareon
90%
Dark Umbreon
90%
Ice Glaceon
87%
Fairy Sylveon
87%
Psychic Espeon
83%
Grass Leafeon
83%
No matching quizzes found
Score Distribution
Percent of People with Each Score
Percentile by Number Answered
Your Score History
You have not taken this quiz